| 000 | 01062nam a2200217 4500 | ||
|---|---|---|---|
| 003 | OSt | ||
| 005 | 20240702134151.0 | ||
| 008 | 240702b |||||||| |||| 00| 0 eng d | ||
| 040 | _cDO | ||
| 082 | _aF 371.33 D4411p 2020 | ||
| 110 | _aPhilippines Department of Education | ||
| 245 | _aPhilippine Multigrade Schools Monitoring and Evaluation Systems (PMS MES) handbook | ||
| 264 | _aPasig City, Philippines : Department of Education ; Mandaluyong City, Philippines : United Nations Children's Fund, Philippines Country Office ; Diliman, Quezon City, Philippines : Southeast Asian Ministers of Education Organization Regional Center for Educational Innovation and Technology, 2020. | ||
| 300 | _a259 pages ; 31 cm | ||
| 504 | _aIncludes bibliographical references (pages 140-141). In English. | ||
| 650 | _xCombination of grades Philippines Handbooks, manuals, etc | ||
| 650 | _vSchools Philippines Handbooks, manuals, etc | ||
| 710 | _aUNICEF Manila | ||
| 710 | _aSEAMEO Regional Center for Educational Innovation and Technology | ||
| 942 |
_2ddc _n0 _cBK |
||
| 999 |
_c4580 _d4580 |
||